000 02382cas a2200553 a 4500
999 _c27375
_d27375
001 11814548
003 OSt
005 20170208112424.0
006 m q d
007 co ugu||||||||
008 980311c19999999fluar qt 0 a0eng c
010 _asn 98002006
022 0 _a1098-4178
_l0147-6262
_21
035 _a(OCoLC)ocm38583976
037 _bCRC Press, 2000 Corporate Blvd., NW, Boca Raton, FL 33431
040 _aNSD
_beng
_cNSD
_dIUL
_dDLC
_dNSD
_dOCLCQ
_dNSD
_dOCLCQ
_dDLC
_dOCLCQ
_dOCLCF
_dOCLCO
_dOCLCQ
042 _apcc
_ansdp
050 0 0 _aQD65
082 1 0 _a540
_213
130 0 _aCRC handbook of chemistry and physics (CD-ROM)
210 0 _aCRC handb. chem. phys.
_b(CD-ROM)
222 0 _aCRC handbook of chemistry and physics
_b(CD-ROM)
245 1 0 _aCRC handbook of chemistry and physics.
246 1 _iTitle on disc label:
_aHandbook of chemistry and physics
246 1 3 _aHandbook of chemistry and physics CRCnetBASE
250 _a87th ed.
260 _aBoca Raton, FL :
_bChapman and Hall/CRCnetBASE,
_c©2000-
300 _aCD-ROMs ;
_c4 3/4 in.
310 _aAnnual
336 _atext
_btxt
_2rdacontent
337 _acomputer
_bc
_2rdamedia
338 _acomputer disc
_bcd
_2rdacarrier
362 0 _a1999-
500 _a"CRCnetBASE."
500 _a"Part of the Chapman and Hall/CRCnetBASE series."
500 _aTitle from disc label.
530 _aAlso issued in print and an online version.
538 _aSystem requirements: IBM PC or compatible, 486 or higher, Windows '95 or higher, 16 MB RAM, CD-ROM drive, Adobe Acrobat software (included on disc).
650 0 _aChemistry
_vTables
_vPeriodicals.
650 0 _aPhysics
_vTables
_vPeriodicals.
650 7 _aChemistry.
_2fast
_0(OCoLC)fst00853344
650 7 _aPhysics.
_2fast
_0(OCoLC)fst01063025
655 7 _aPeriodicals.
_2fast
_0(OCoLC)fst01411641
655 7 _aTables.
_2fast
_0(OCoLC)fst01423914
776 1 _tCRC handbook of chemistry and physics
_x0147-6262
_w(DLC) 77641777
_w(OCoLC)3208084
776 1 _tHandbook of chemistry and physics
_x1539-2244
_w(DLC) 2002211094
_w(OCoLC)49341939
776 1 _tCRC handbook of chemistry and physics (Online)
_x0147-6262
_w(DLC) 77641777
_w(OCoLC)3208084
906 _a7
_bcbc
_cserials
_d2
_encip
_f19
_gn-oclcserc
942 _2lcc
_cREF_BOOK
_hREF QD 65 .H265L53 2006